Chlapci z Bystrickej doliny maňušková hra v 3 dejstvách

Bibliographic Details
Main Author: Tatran, Ľudo (Author)
Format: Book
Language:Slovak
PhysicalDescription:68 s. V. 12° prieč.
Published: Martin Slovenské ústredie ĽUT 1953
Series:Rozmnožený materiál pre súbory ľudovej tvorivosti : bábkové hry
Subjects:

MARC

LEADER 00000cam a2200000 a 4500
001 vtls008402018
003 SK-MaSNL
005 20260302074756.0
008 251029s1953 xo 000 0 slo
015 |a SKSNBA19451955-012461 
035 |a SK01SNKBKSFS20020094235 
035 |a SKM000096698 
040 |a SNK  |b slo  |c SNK  |e AACR2 
041 0 |a slo 
044 |a xo  |c SK 
080 |a 885.4-2  |2 1981 
100 1 |a Tatran, Ľudo  |4 aut  |9 269915 
245 1 0 |a Chlapci z Bystrickej doliny  |b maňušková hra v 3 dejstvách  |c Ľudo Tatran 
260 |a Martin  |b Slovenské ústredie ĽUT  |c 1953  |e Martin  |f SÚ ĽUT 
300 |a 68 s.  |c V. 12° prieč. 
490 1 |a Rozmnožený materiál pre súbory ľudovej tvorivosti : bábkové hry  |v č. 2 
500 |a Rotaprint 
500 |a Ob. tit. 
650 0 7 |a hry bábkové slovenské  |2 SNK  |9 289709 
655 7 |a umelecká literatúra  |2 SNKPH  |9 60405 
830 0 |a Rozmnožený materiál pre súbory ľudovej tvorivosti : bábkové hry  |9 308706 
852 |a Slovenská národná knižnica v Martine  |b 10000  |h MS SD 8573/2 
958 |a OND 
958 |a RK 
958 |a RM 
999 |c 1166446  |d 1168376 
952 |a SNK  |b SNK  |y PREZ  |7 0  |p 17A1185327  |o snkSD 8573/2 D1  |i snkVI. 417/54  |0 0  |1 0  |4 0  |d 2016-04-22  |l 0  |r 2026-02-24 20:50:25  |w 2026-02-24 
952 |a SNK  |b SNK  |y PREZ  |7 0  |p 17A1185328  |o snkSD 8573/2 D2  |i snkF 3192/64  |8 5  |0 0  |1 0  |4 0  |d 2016-04-22  |l 0  |r 2026-02-24 20:50:25  |w 2026-02-24